000 01662nam a2200385 a 4500
999 _c14849
_d14847
001 3023474
003 OSt
005 20201130122007.0
008 940622s1993 nsca b 100 0 eng d
020 _a0770394884
035 _a(OCoLC)29468774
040 _aCaNSHD
_beng
_cCaOONL
_dDLC
042 _alccopycat
043 _ad------
050 0 0 _aHC59.7
_b.C3357 1993
055 0 _aHD82
_bC44 1992
055 1 _aHD82
082 0 0 _a330.82
_220
245 0 4 _aThe Challenge of The challenge of development /
_cedited by A.D. Tillett.
260 _aHalifax, N.S. :
_bLester Pearson Institute for International Development, Dalhousie University,
_c1993.
300 _ax, 114 p. :
_bill. ;
_c23 cm.
500 _a"Papers from a colloquium convened by the Lester Pearson Institute for International Development, Dalhousie University, Halifax, Nova Scotia, Canada, March 27 & 28, 1992."
504 _aIncludes bibliographical references.
610 2 6 _aBanque internationale pour la reconstruction et le développement.
_tRapport sur le développement dans le monde (1991)
_xCongrès.
650 0 _aNon-governmental organizations
_zDeveloping countries
_xCongresses.
650 0 _aEconomic development
_xCongresses.
650 6 _aDéveloppement économique
_xCongrès.
651 0 _aDeveloping countries
_xEconomic policy
_xCongresses.
700 1 _aTillett, A.
710 2 _aLester Pearson Institute for International Development.
906 _a7
_bcbc
_ccopycat
_d3
_encip
_f19
_gy-gencatlg
942 _2ddc
_cCIRC